000 01004nam a22002537a 4500
999 _c12978
_d12978
003 AR-CdUCM
008 190410b ||||| |||| 00| 0 spa d
040 _aMUNICIPALIDAD PROVINCIAL DEL CUSCO
_cBIBLIOTECA MUNICIPAL DEL CUSCO
041 _heng
082 _a331.07 /
_bL62 / 1965
100 _aLifton, Walter M.
_931120
245 _aTrabajando con grupos :
_bformación del grupo y del individuo /
260 _aMéxico :
_bLimusa-Wiley,
_c1965.
300 _a384 páginas ;
_c18 cm.
440 _aEl mundo de hoy
_95643
500 _aLibreros Mexicanos Unidos.
505 _aContenido: El proceso de grupo y el desarrollo individual -- Teorías, terminologías y definiciones -- Instrumentos y técnicas del proceso de ayuda -- Un grupo en acción ...
650 _aGrupos de trabajo
_96752
650 _aEducación y clases sociales
_98772
650 _aAdiestramiento
_931121
700 _aAlvarez Franco, Margarita (traducción)
_931122
942 _2ddc
_cLIBROS
945 _aachl
_d2019-04-10